Psicología de la adolescencia / : (Registro nro. 20311)
[ vista simple ]
| 000 -CABECERA | |
|---|---|
| campo de control de longitud fija | 00687nam a2200205 a 4500 |
| 001 - NÚMERO DE CONTROL | |
| campo de control | 000020807 |
| 005 - FECHA Y HORA DE LA ÚLTIMA TRANSACCIÓN | |
| campo de control | 20260417112310.0 |
| 008 - DATOS DE LONGITUD FIJA--INFORMACIÓN GENERAL | |
| campo de control de longitud fija | 100817s1960 mx r 001 0 spa d |
| 040 ## - FUENTE DE LA CATALOGACIÓN | |
| Centro catalogador/agencia de origen | DO-SdBNP |
| Lengua de catalogación | spa |
| Centro/agencia transcriptor | BPJMB |
| 082 ## - NÚMERO DE LA CLASIFICACIÓN DECIMAL DEWEY | |
| Número de clasificación | 155.5 |
| Número de documento/Ítem | P792p, 1960 |
| 100 1# - ENTRADA PRINCIPAL--NOMBRE DE PERSONA | |
| Nombre de persona | Ponce, Anibal. |
| 9 (RLIN) | 36539 |
| 245 10 - MENCIÓN DE TÍTULO | |
| Título | Psicología de la adolescencia / : |
| Resto del título | Anibal Ponce ; prólogo Raul Cordero Amador. |
| 250 ## - MENCIÓN DE EDICIÓN | |
| Mención de edición | 2a ed. |
| 260 ## - PUBLICACIÓN, DISTRIBUCIÓN, ETC. | |
| Lugar de publicación, distribución, etc. | México : |
| Nombre del editor, distribuidor, etc. | Unión Tipográfica Editorial Hispano América, |
| Fecha de publicación, distribución, etc. | 1960. |
| 300 ## - DESCRIPCIÓN FÍSICA | |
| Extensión | 166 p. ; |
| Dimensiones | 17 cm. |
| 490 1# - MENCIÓN DE SERIE | |
| Mención de serie | Manuales Uteha, |
| Designación de volumen o secuencia | 41 |
| 650 #0 - PUNTO DE ACCESO ADICIONAL DE MATERIA--TÉRMINO DE MATERIA | |
| Término de materia o nombre geográfico como elemento de entrada | Psicología del adolescente |
| 9 (RLIN) | 9034 |
| 700 1# - PUNTO DE ACCESO ADICIONAL--NOMBRE DE PERSONA | |
| Nombre de persona | Cordero Amador, Raul, |
| Término indicativo de función/relación | pról. |
| 9 (RLIN) | 43615 |
| 830 #0 - PUNTO DE ACCESO ADICIONAL DE SERIE-TÍTULO UNIFORME | |
| Título uniforme | Manuales Uteha, |
| Designación de volumen o secuencia | 41 |
| 9 (RLIN) | 43616 |
No hay ítems disponibles.
